Statistics for Marvel Cinematic Projects

Click here to take the quiz!

General Stats

  • This quiz has been taken 16 times
  • The average score is 34 of 45

Answer Stats

HintAnswer% Correct
2015Avengers: Age of Ultron
100%
2019Avengers: Endgame
100%
2018Avengers: Infinity War
100%
2018Black Panther
100%
2021Black Widow
100%
2016Captain America: Civil War
100%
2011Captain America: The First Avenger
100%
2014Captain America: The Winter Soldier
100%
2019Captain Marvel
100%
2014Guardians of the Galaxy
100%
2008Iron Man
100%
2010Iron Man 2
100%
2013Iron Man 3
100%
2012The Avengers
100%
2008The Incredible Hulk
100%
2011Thor
100%
2017Thor: Ragnarok
100%
2015Ant-Man
88%
2018Ant-Man and the Wasp
88%
2022Black Panther: Wakanda Forever
88%
2021Shang-Chi and the Legend of the Ten Rings
88%
2019Spider-Man: Far From Home
88%
2017Spider-Man: Homecoming
88%
2021Spider-Man: No Way Home
88%
2013Thor: The Dark World
88%
2016Doctor Strange
75%
2021Eternals
75%
2017Guardians of the Galaxy Vol. 2
75%
2021Loki
75%
2023The Marvels
75%
2023Ant-Man and the Wasp: Quantumania
63%
2023Guardians of the Galaxy Vol. 3
63%
2022Ms Marvel
63%
2022Doctor Strange in the Multiverse of Madness
50%
2021Hawkeye
50%
2022Moon Knight
50%
2022Thor: Love and Thunder
50%
2021Falcon and the Winter Soldier
38%
2022She-Hulk
38%
2021Wandavision
38%
2022I Am Groot
25%
2023Secret Invasion
25%
2022Werewolf By Night
25%
2021What If...?
25%
2022The Guardians of the Galaxy Holiday Special
13%

Score Distribution

Percentile by Number Answered

Percent of People with Each Score

Your Score History

You have not taken this quiz